000 00457nam a2200157 a 4500
001 000032782
005 20200930065830.0
008 110405s1922 dr c 000 | spa d
040 _aDO-SdBNP
_bspa
_cBNPHU
082 _axxx
_bI37ó
100 1 _aIncháustegui, Joaquín S.
_945004
245 1 0 _aOfrenda Patricia /
_cJoaquín S. Incháustegui.
260 _aSanto Domingo :
_bImprenta Montalvo,
_c1922.
300 _a31 p. :
_bretrs ;
_c19 cm.
049 _aBNPD
999 _c32273
_d32273